Los “claveles” de Melannia

Збережено в:
Бібліографічні деталі
Автор: Soto Sosa, Geovanny
Формат: Книга
Мова:Spanish
Опубліковано: Costa Rica Editorial UCR 2018
Предмети:
Теги: Додати тег
Немає тегів, Будьте першим, хто поставить тег для цього запису!

MARC

LEADER 00000nam a22000007a 4500
008 181218b xxu||||| |||| 00| 0 spa d
020 |a 978-9968-46-706-3 
040 |a  cru BVZT  
090 |a 868 S-17c 
100 |a Soto Sosa, Geovanny  
245 |a Los “claveles” de Melannia  |c Geovanny Soto Sosa 
260 |a Costa Rica  |b Editorial UCR  |c 2018 
300 |a 150 páginas 
505 |r Seudónimo; Geovanny de Sosa 
630 |l Español 
650 0 |9 17  |a LITERATURA COSTARRICENSE 
650 0 |9 13  |a NOVELA 
999 |c 30671  |d 30671 
942 |c LIB  |h 868 S-17c  |2 z